LIBRARY & INFORMATION CENTRE, KCAET, TAVANUR

ONLINE PUBLIC ACCESS CATALOGUE (OPAC)

Guide to new natural gas utilization technologies / (Record no. 9845)

MARC details
000 -LEADER
fixed length control field 00414cam a2200157ua 4500
003 - CONTROL NUMBER IDENTIFIER
control field OSt
008 - FIXED-LENGTH DATA ELEMENTS--GENERAL INFORMATION
fixed length control field 241101b |||||||| |||| 00| 0 eng d
020 ## - INTERNATIONAL STANDARD BOOK NUMBER
ISBN 0 915586 94 0
041 ## - LANGUAGE CODE
Language code of text/sound track or separate title eng
082 ## - DEWEY DECIMAL CLASSIFICATION NUMBER
Classification number 621.47
Item number HAY/GU
100 ## - MAIN ENTRY--AUTHOR NAME
Personal name Hay, Nelson E .
245 ## - TITLE STATEMENT
Title Guide to new natural gas utilization technologies /
260 ## - PUBLICATION, DISTRIBUTION, ETC. (IMPRINT)
Place of publication Lilburn :
Name of publisher Fairmont Press INC ,
Year of publication 1984.
300 ## - PHYSICAL DESCRIPTION
Number of Pages 359 ; .
942 ## - ADDED ENTRY ELEMENTS (KOHA)
Koha item type Books
Holdings
Withdrawn status Lost status Damaged status Home library Current library Shelving location Date acquired Full call number Accession Number Koha item type
      KAUAET KAUAET Shelf- 7A 11/11/1987 621.47 HAY/GU 16374 Books
free website counter